Ensayos sobre coyuntura y política en Costa Rica, 1998-2008 /
Este libro compila una serie de artículos que el autor ha realizado en un período que va de 1998 a 2008, con el objetivo de analizar las distintas coyunturas políticas y electorales por las que ha atravesado el país, incluyendo: la concertación nacional, el combo del ICE, las elecciones de 2002 y el...
Salvato in:
| Autore principale: | |
|---|---|
| Natura: | Sconosciuto |
| Lingua: | Spanish |
| Pubblicazione: |
Costa Rica :
Ediciones Perro Azul,
|
| Soggetti: | |
| Tags: |
Aggiungi Tag
Nessun Tag, puoi essere il primo ad aggiungerne!!
|
MARC
| LEADER | 00000 a2200000 04500 | ||
|---|---|---|---|
| 001 | 40457 | ||
| 003 | cru CIDCACS/IIS | ||
| 005 | 20231016105320.0 | ||
| 008 | 050701s2009 cr spa d | ||
| 020 | |a 9968-834-94-X | ||
| 040 | |c cru CIDCACS/IIS |a cru CIDCACS/IIS | ||
| 090 | |a 04.04.02 C828e | ||
| 100 | |a Cortés Ramos, Alberto | ||
| 245 | |a Ensayos sobre coyuntura y política en Costa Rica, 1998-2008 / |c Alberto Cortés Ramos | ||
| 260 | |a Costa Rica : |b Ediciones Perro Azul, | ||
| 300 | |a 236 páginas | ||
| 520 | |a Este libro compila una serie de artículos que el autor ha realizado en un período que va de 1998 a 2008, con el objetivo de analizar las distintas coyunturas políticas y electorales por las que ha atravesado el país, incluyendo: la concertación nacional, el combo del ICE, las elecciones de 2002 y el quiebre del bipartidismo; los sonados casos de corrupción presidencial y sus derivaciones políticas; las elecciones de 2006, el TLC y el referendo de 2007 y sus consecuencias para la política y la orientación del desarrollo nacional. | ||
| 590 | |a DISEMINAR102010/RRA/OCTUBRE2010 | ||
| 650 | |a PARTICIPACION POLITICA | ||
| 650 | |a COMPORTAMIENTO POLITICO | ||
| 650 | |a ELECCIONES | ||
| 650 | |a PRESIDENCIA | ||
| 650 | |a TLC | ||
| 650 | |a CORRUPCION | ||
| 650 | |a REFERENDUM | ||
| 650 | |a COSTA RICA | ||
| 942 | |2 z |c LI |h 04.04.02 C828e |i 10769 |i 10726 |6 040402_C828E_10769__10726 | ||
| 999 | |c 13425 |d 13425 | ||
